Statistics for Back For You - One Direction - All Lyrics

Click here to take the quiz!

General Stats

  • This quiz has been taken 15 times
  • The average score is 231 of 273

Answer Stats

Answer% Correct
Back
100%
back
100%
(C'mon)
100%
(For
100%
for
100%
I
100%
I’ll
100%
I'll
100%
oh-woah
100%
woah)
100%
you
100%
you,
100%
be
93%
coming
93%
don't
93%
have
93%
I've
93%
to
93%
going
86%
I'm
86%
I’m
86%
me
86%
on
86%
the
86%
Your
86%
you're
86%
been
79%
crazy
79%
(Crazy,
79%
ever
79%
is
79%
Lately,
79%
my
79%
never
79%
say,
79%
say
79%
so
79%
So
79%
we
79%
what
79%
worry
79%
And
71%
Baby,
71%
every
71%
eyes,
71%
from
71%
goodbye
71%
there
71%
want
71%
But
64%
face
64%
know
64%
right
64%
Right
64%
somebody
64%
time
64%
(Yeah)
64%
yeah)
64%
Yeah,
64%
yeah
64%
you'll
64%
at
57%
before
57%
close
57%
hearing
57%
into
57%
lookin'
57%
more
57%
now
57%
only
57%
picture
57%
stage,
57%
tell
57%
touch,
57%
up,
57%
Whenever
57%
won't
57%
'Cause
50%
gonna
50%
smile
50%
wake
50%
watching
50%
am
43%
both
43%
change,
43%
crowd,
43%
everywhere
43%
night
43%
away,
36%
out
36%
walk
36%
nothing's
29%
even
21%
though
21%

Score Distribution

Percentile by Number Answered

Percent of People with Each Score

Your Score History

You have not taken this quiz